| LEADER 00000nam 2200000uu 4500 |
| 001 213761 |
| 003 ULIBM |
| 008 020711s|||| th a 000 0 tha d |
| 041 ^atha
|
| 060 4 WT100 ร831 ม.ป.ป
|
| 245 เรียนรู้การใช้เครื่องมือทางการพยาบาลในการเพิ่มคุณภาพบริการพยาบาล/^cบรรณาธิการ ขนิษฐา นันทบุตร
|
| 250 พิมพ์ครั้งที่ 1
|
| 260 ขอนแก่น :^bศูนย์วิจัยและพัฒนาระบบสุขภาพชุมชน คณะพยาบาลศาสตร์ มหาวิทยาลัยขอนแก่น (ศวช.),^cม.ป.ป.
|
| 300 103 หน้า :^bภาพประกอบ ;^c26 ซม.
|
| 650 4 ^aพยาบาล^xเครื่องมือ^xวิจัย
|
| 650 4 ^aบริการทางการพยาบาล^xคุณภาพ
|
| 700 0 ^aขนิษฐา นันทบุตร,^eบรรณาธิการ
|
| 710 2 ^a มหาวิทยาลัยขอนแก่น.^bคณะพยาบาลศาสตร์.^ศูนย์วิจัยและพัฒนาระบบสุขภาพชุมชน
|
| 999 ^aใช้งานได้ทุกระบบ
|